| 000 | 01145cam a2200373 a 4500 | ||
|---|---|---|---|
| 001 | 123223 | ||
| 003 | ARRUPE | ||
| 005 | 20151014122251.0 | ||
| 008 | 821214s1982 enk b 001 0 eng | ||
| 010 | _a 82007522//r84 | ||
| 020 |
_a0710092563 : _c$25.00 |
||
| 020 |
_a0710092571 (pbk.) : _c$12.00 |
||
| 035 | _a(OCoLC)8411065 | ||
| 035 | _a(OCoLC)ocm08411065 | ||
| 035 | _a(CStRLIN)NYCG82-B65983 | ||
| 035 | _a(NNC)123223 | ||
| 040 |
_dCStRLIN _cDCL |
||
| 050 | 0 |
_aHM24 _b.B555 1982 |
|
| 082 | 0 |
_a301 _219 |
|
| 090 |
_aHM24 _b.B555 1982 |
||
| 100 | 1 |
_aBleicher, Josef. _920277 |
|
| 245 | 1 | 4 |
_aThe hermeneutic imagination : _boutline of a positive critique of scientism and sociology / _cJosef Bleicher. |
| 260 |
_aLondon ; _aBoston : _bRoutledge & K. Paul, _c1982. |
||
| 300 |
_aix, 172 p. ; _c22 cm. |
||
| 500 | _aRevision of the author's thesis (Ph.D.) | ||
| 500 | _aIncludes indexes. | ||
| 504 | _aBibliography: p. 162-168. | ||
| 650 | 0 |
_aSociology _xMethodology. _920278 |
|
| 650 | 0 |
_aHermeneutics. _920279 |
|
| 650 | 0 |
_aPositivism. _92396 |
|
| 650 | 0 |
_aScientism. _917942 |
|
| 942 |
_2lcc _cMONOGRAPH |
||
| 999 |
_c123515 _d123515 |
||